<?xml version="1.0" encoding="UTF-8"?>
<collection xmlns="http://www.loc.gov/MARC21/slim">
 <record>
  <leader>00820pamaa2200193   4500</leader>
  <controlfield tag="001">0000048705</controlfield>
  <controlfield tag="005">20121212090000.0</controlfield>
  <controlfield tag="008">110124                             eng  </controlfield>
  <datafield tag="020" ind1="0" ind2="0">
   <subfield code="a">9789678919333 (pbk.) </subfield>
  </datafield>
  <datafield tag="090" ind1="0" ind2="0">
   <subfield code="a">KPG3147.A311975A4 </subfield>
   <subfield code="b">SER 2009</subfield>
  </datafield>
  <datafield tag="240" ind1="0" ind2="0">
   <subfield code="a">Akta Cukai Perkhidmatan, 1975</subfield>
  </datafield>
  <datafield tag="245" ind1="1" ind2="0">
   <subfield code="a">Service Tax Act 1975 (Act 151) &amp; regulations and order : </subfield>
   <subfield code="b">as at 10th July 2009  </subfield>
   <subfield code="c">compiled by Legal Research Board.</subfield>
  </datafield>
  <datafield tag="260" ind1="0" ind2="0">
   <subfield code="a">Petaling Jaya, Selangor Darul Ehsan : International Law Book Services: </subfield>
   <subfield code="b">Sole distributor, Golden Books Centre, </subfield>
   <subfield code="c">2009.</subfield>
  </datafield>
  <datafield tag="300" ind1=" " ind2=" ">
   <subfield code="a">109 p.; </subfield>
   <subfield code="c">24 cm.</subfield>
  </datafield>
  <datafield tag="440" ind1="0" ind2="0">
   <subfield code="a">Laws of Malaysia</subfield>
  </datafield>
  <datafield tag="501" ind1="0" ind2="0">
   <subfield code="a">BACCI</subfield>
  </datafield>
  <datafield tag="650" ind1="0" ind2="0">
   <subfield code="a">Sales tax -- </subfield>
   <subfield code="x">Law and legislation -- </subfield>
   <subfield code="z">Malaysia </subfield>
  </datafield>
  <datafield tag="650" ind1="0" ind2="0">
   <subfield code="a">Service industries -- </subfield>
   <subfield code="x">Taxation -- </subfield>
   <subfield code="x">Law and legislation -- </subfield>
   <subfield code="z">Malaysia </subfield>
  </datafield>
  <datafield tag="901" ind1=" " ind2=" ">
   <subfield code="u">http://www.malaysialawbooks.com</subfield>
  </datafield>
 </record>
</collection>
